[Event "FIN-chT 1718"]
[Site "Finland"]
[Date "2017.12.03"]
[Round "6.7"]
[White "Nippula, Timo"]
[Black "Wikman, Jimmy"]
[Result "1-0"]
[WhiteElo "2176"]
[BlackElo "2121"]
[PlyCount "61"]
[EventDate "2017.09.16"]
[EventType "team-tourn"]
[EventRounds "11"]
[EventCountry "FIN"]
[SourceTitle "EXT 2019"]
[Source "ChessBase"]
[SourceDate "2018.10.10"]
[SourceVersion "1"]
[SourceVersionDate "2018.10.10"]
[SourceQuality "1"]
[WhiteTeam "Kotka KymS"]
[BlackTeam "Karjaa KarjUra"]
[WhiteTeamCountry "FIN"]
[BlackTeamCountry "FIN"]

1. c4 Nf6 2. Nc3 e5 3. Nf3 Nc6 4. g3 g6 5. Bg2 Bg7 6. 0-0 0-0 7. Rb1 a5 8. a3 d6 9. b4 axb4 10. axb4 Be6 11. d3 h6 12. b5 Ne7 13. Bb2 Qc8 14. Re1 Bh3 15. Bh1 Ng4 16. Nd5 Re8 17. e4 f5 18. Nxe7+ Rxe7 19. Nh4 f4 20. Qf3 Ra2 21. gxf4 Nxf2 22. Nxg6 Rf7 23. f5 Bf6 24. Qxf2 Rg7 25. Qg3 Bxf5 26. exf5 Qxf5 27. Be4 Qc8 28. Rf1 Qd8 29. Kh1 Kf7 30. Bd5+ Ke8 31. Qg4 1-0

[Event "FIN-chT1B 1415"]
[Site "Finland"]
[Date "2014.11.16"]
[Round "4.1"]
[White "Kiltti, Jyrki"]
[Black "Nippula, Timo"]
[Result "1-0"]
[WhiteElo "2241"]
[BlackElo "2218"]
[PlyCount "89"]
[EventDate "2014.09.27"]
[EventType "team-tourn"]
[EventRounds "7"]
[EventCountry "FIN"]
[SourceTitle "EXT 2017"]
[Source "ChessBase"]
[SourceDate "2016.10.25"]
[SourceVersion "1"]
[SourceVersionDate "2016.10.25"]
[SourceQuality "1"]
[WhiteTeam "Lahti S"]
[BlackTeam "Kotka KymS"]
[WhiteTeamCountry "FIN"]
[BlackTeamCountry "FIN"]

1. c4 e5 2. Nc3 Bb4 3. e3 Bxc3 4. bxc3 d6 5. d4 Nd7 6. Nf3 Ngf6 7. Be2 0-0 8. 0-0 Re8 9. Rb1 b6 10. Qb3 e4 11. Nd2 c5 12. a4 Nf8 13. Ba3 Ng6 14. f4 Nh4 15. Rf2 Bg4 16. Qd1 h5 17. h3 Bd7 18. Bxh5 Bxa4 19. Bxf7+ Kxf7 20. Qxa4 Rh8 21. Qc2 Qe7 22. Nf1 Rh6 23. dxc5 dxc5 24. Rd1 Rg6 25. Nh2 Qe6 26. Ng4 Nxg4 27. f5 Nxf5 28. hxg4 Rxg4 29. Rxf5+ Qxf5 30. Rf1 Qxf1+ 31. Kxf1 Rd8 32. Bc1 Kg8 33. Bd2 Rd3 34. Qa4 Kh7 35. Qe8 Rg6 36. Ke1 Rgd6 37. Qxe4+ Kg8 38. Qe8+ Kh7 39. Qh5+ Kg8 40. Bc1 Rxc3 41. Qe8+ Kh7 42. Qe4+ Kg8 43. Bb2 Rcd3 44. Bd4 Ra3 45. Bxg7 1-0

[Event "FIN-chT1B 0809"]
[Site "Finland"]
[Date "2009.??.??"]
[Round "4.1"]
[White "Nippula, Timo"]
[Black "Paasikangas Tella, Johanna"]
[Result "1-0"]
[WhiteElo "2223"]
[BlackElo "2266"]
[PlyCount "81"]
[EventDate "2008.10.??"]
[EventType "team-tourn"]
[EventRounds "5"]
[EventCountry "FIN"]
[SourceTitle "EXT 2022"]
[Source "ChessBase"]
[SourceDate "2021.10.06"]
[SourceVersion "1"]
[SourceVersionDate "2021.10.06"]
[SourceQuality "1"]
[WhiteTeam "Karhula TS"]
[BlackTeam "Vantaa EtVaS II"]
[WhiteTeamCountry "FIN"]
[BlackTeamCountry "FIN"]

1. c4 e5 2. Nc3 Bb4 3. Nd5 Be7 4. d4 d6 5. Nf3 exd4 6. Nxd4 Nf6 7. g3 Nxd5 8. cxd5 c5 9. dxc6 bxc6 10. Bg2 Bd7 11. 0-0 h5 12. Qd3 Qc8 13. e4 h4 14. Bf4 Na6 15. Nf5 Bxf5 16. exf5 d5 17. Rfe1 Kf8 18. Rxe7 Kxe7 19. Qa3+ Kd8 20. Re1 Re8 21. Qa5+ Kd7 22. f6 gxf6 23. Bh3+ Re6 24. Qa3 c5 25. Qd3 Kc6 26. Bxe6 fxe6 27. Rxe6+ Qxe6 28. Qxa6+ Kd7 29. Qb7+ Ke8 30. Qxa8+ Kf7 31. Qxa7+ Kg6 32. Qa4 h3 33. Qd1 d4 34. b3 f5 35. Bd2 Qa6 36. a4 Qd3 37. a5 Qe4 38. Qf1 Qc2 39. Bf4 Qxb3 40. Qxh3 Qb1+ 41. Qf1 1-0

[Event "FIN-chT1B 0809"]
[Site "Finland"]
[Date "2008.11.08"]
[Round "3.1"]
[White "Tolonen, Mikko"]
[Black "Nippula, Timo"]
[Result "1/2-1/2"]
[WhiteElo "2229"]
[BlackElo "2223"]
[PlyCount "54"]
[EventDate "2008.10.??"]
[EventType "team-tourn"]
[EventRounds "5"]
[EventCountry "FIN"]
[SourceTitle "EXT 2022"]
[Source "ChessBase"]
[SourceDate "2021.10.06"]
[SourceVersion "1"]
[SourceVersionDate "2021.10.06"]
[SourceQuality "1"]
[WhiteTeam "Espoo MatSK II"]
[BlackTeam "Karhula TS"]
[WhiteTeamCountry "FIN"]
[BlackTeamCountry "FIN"]

1. e4 e5 2. Nf3 Nf6 3. Nxe5 d6 4. Nf3 Nxe4 5. d4 d5 6. Bd3 Be7 7. 0-0 Nc6 8. c4 Nb4 9. Be2 0-0 10. Nc3 Bf5 11. a3 Nxc3 12. bxc3 Nc6 13. Re1 Bf6 14. Bf4 Rc8 15. cxd5 Qxd5 16. Nd2 Rfe8 17. Bc4 Qd7 18. Qf3 Na5 19. Ba2 c5 20. Rxe8+ Rxe8 21. dxc5 Qd3 22. Qxd3 Bxd3 23. Nf3 Bxc3 24. Rd1 Bb5 25. h3 h6 26. Bc7 Rc8 27. Bd6 Nc6 1/2-1/2

[Event "EST-FIN m"]
[Site "Tallinn"]
[Date "2008.01.13"]
[Round "1"]
[White "Nippula, Timo"]
[Black "Vasiliev, Igor"]
[Result "1/2-1/2"]
[WhiteElo "2234"]
[BlackElo "2271"]
[PlyCount "69"]
[EventDate "2008.01.13"]
[EventType "team-tourn"]
[EventRounds "1"]
[EventCountry "EST"]
[SourceTitle "CBM 122 Extra"]
[Source "ChessBase"]
[SourceDate "2008.03.04"]
[SourceVersion "1"]
[SourceVersionDate "2008.03.04"]
[SourceQuality "1"]

1. c4 c5 2. Nc3 Nc6 3. Nf3 g6 4. d4 cxd4 5. Nxd4 Bg7 6. Nc2 Nf6 7. e4 0-0 8. Be2 d6 9. 0-0 a5 10. Ne3 Nd7 11. Re1 Nc5 12. f3 Bd7 13. Bf1 Nd4 14. Ned5 Rb8 15. Bg5 Re8 16. Be3 Nce6 17. f4 b5 18. cxb5 Nxb5 19. Bxb5 Bxb5 20. f5 Nc5 21. Bd4 Be5 22. Nxb5 Rxb5 23. Rc1 e6 24. fxe6 fxe6 25. Bxe5 dxe5 26. a4 Rxb2 27. Rxc5 exd5 28. Qxd5+ Qxd5 29. Rxd5 Rc8 30. Rxe5 h6 31. Rb5 Ra2 32. Rb6 Kg7 33. Rb7+ Kf6 34. Rb6+ Kg7 35. Rb7+ 1/2-1/2

[Event "FIN-chT1B 0708"]
[Site "Finland"]
[Date "2007.09.??"]
[Round "3.1"]
[White "Laakso, Harri"]
[Black "Nippula, Timo"]
[Result "0-1"]
[WhiteElo "2182"]
[BlackElo "2237"]
[PlyCount "46"]
[EventDate "2007.09.15"]
[EventType "team-tourn"]
[EventRounds "7"]
[EventCountry "FIN"]
[SourceTitle "EXT 2022"]
[Source "ChessBase"]
[SourceDate "2021.10.06"]
[SourceVersion "1"]
[SourceVersionDate "2021.10.06"]
[SourceQuality "1"]
[WhiteTeam "Helsinki RikSha"]
[BlackTeam "Karhula TS"]
[WhiteTeamCountry "FIN"]
[BlackTeamCountry "FIN"]

1. e4 e5 2. f4 d5 3. exd5 exf4 4. Qf3 Bd6 5. Bc4 Nf6 6. h3 0-0 7. Nc3 c6 8. d3 cxd5 9. Nxd5 Nc6 10. Ne2 Ne5 11. Nxf6+ Qxf6 12. Qf2 f3 13. gxf3 Nxc4 14. dxc4 Be6 15. Bd2 Qxb2 16. 0-0 Qxc2 17. Bc3 Bxc4 18. Qd4 Qg6+ 19. Kh1 Bxe2 20. Rf2 Rfe8 21. Rg1 Bg3 22. Qd2 Bxf2 23. Rxg6 hxg6 0-1

[Event "FIN-chT1B 0405"]
[Site "Finland"]
[Date "2005.??.??"]
[Round "7.1"]
[White "Salimaki, Janne"]
[Black "Nippula, Timo"]
[Result "0-1"]
[WhiteElo "2214"]
[BlackElo "2209"]
[PlyCount "68"]
[EventDate "2004.09.18"]
[EventType "team-tourn"]
[EventRounds "7"]
[EventCountry "FIN"]
[SourceTitle "EXT 2022"]
[Source "ChessBase"]
[SourceDate "2021.10.06"]
[SourceVersion "1"]
[SourceVersionDate "2021.10.06"]
[SourceQuality "1"]
[WhiteTeam "Espoo MatSK II"]
[BlackTeam "Karhula TS"]
[WhiteTeamCountry "FIN"]
[BlackTeamCountry "FIN"]

1. d4 d6 2. e4 Nf6 3. Nc3 g6 4. Nf3 Bg7 5. Be2 0-0 6. 0-0 c6 7. h3 b5 8. e5 Nfd7 9. exd6 exd6 10. Bg5 Nf6 11. a4 b4 12. Ne4 Bf5 13. Nfd2 Re8 14. Bf3 d5 15. Nc5 Nbd7 16. Ndb3 Nxc5 17. Nxc5 h6 18. Bd2 a5 19. c3 Ne4 20. Bxe4 dxe4 21. Re1 Qh4 22. Nb3 bxc3 23. Bxc3 Be6 24. Nc5 Bd5 25. Qd2 f5 26. Bxa5 f4 27. Bc7 e3 28. fxe3 fxe3 29. Qe2 Qxd4 30. Rac1 Qxb2 31. Qxb2 Bxb2 32. Rc2 Bd4 33. a5 Rf8 34. a6 Bxc5 0-1

[Event "FIN-chT 0203"]
[Site "Finland"]
[Date "2002.10.20"]
[Round "3.4"]
[White "Nippula, Timo"]
[Black "Mertanen, Janne"]
[Result "1/2-1/2"]
[WhiteElo "2221"]
[BlackElo "2241"]
[PlyCount "136"]
[EventDate "2002.10.21"]
[EventType "team-tourn"]
[EventRounds "9"]
[EventCountry "FIN"]
[SourceTitle "EXT 2004"]
[Source "ChessBase"]
[SourceDate "2003.11.25"]
[SourceVersion "1"]
[SourceVersionDate "2003.11.25"]
[SourceQuality "1"]
[WhiteTeam "Karhula TS"]
[BlackTeam "Tampere Taraus"]
[WhiteTeamCountry "FIN"]
[BlackTeamCountry "FIN"]

1. c4 e5 2. Nc3 Nf6 3. g3 Nc6 4. Bg2 Bc5 5. e3 0-0 6. Nge2 Re8 7. 0-0 a6 8. Nd5 d6 9. h3 Bf5 10. d4 Ba7 11. Nxf6+ Qxf6 12. d5 Nb8 13. e4 Bg6 14. b4 Qe7 15. Bd2 Nd7 16. Rc1 h6 17. Qc2 Nf6 18. g4 h5 19. g5 Nh7 20. h4 f6 21. Qd3 Rf8 22. Qg3 f5 23. exf5 Bxf5 24. Nc3 Qe8 25. Ne4 Qg6 26. Rce1 Kh8 27. Kh2 Rae8 28. c5 Re7 29. Qb3 Ref7 30. a4 Bg4 31. f3 Bf5 32. Qc4 Bc8 33. Be3 Bb8 34. b5 axb5 35. axb5 dxc5 36. Bxc5 Rd8 37. Ra1 Rf4 38. Bf2 Bf5 39. Bg3 Qf7 40. Bxf4 exf4 41. Ra8 Nf8 42. Nc5 c6 43. bxc6 bxc6 44. Qb3 Qxd5 45. Qxd5 cxd5 46. Rd1 Ne6 47. Na6 Be5 48. Rxd8+ Nxd8 49. Rxd5 Nf7 50. Bh3 Bc2 51. Rc5 Bg6 52. Be6 Bd6 53. Rc6 Be5 54. Rc5 Bd6 55. Rd5 Ba3 56. Rd7 Ne5 57. Rd8+ Kh7 58. Bg8+ Kh8 59. Bd5+ Kh7 60. Nc7 Bf5 61. Nb5 Bc5 62. Kg2 Kg6 63. Nc3 Nd3 64. Ra8 Bf2 65. Ra6+ Kh7 66. Be4 Bxe4 67. fxe4 Bxh4 68. g6+ Kh6 1/2-1/2